000
00223nam a2200097Ia 4500
001
652647
005
20250826154442.0
008
250824s9999 xx 000 0 und d
245
0
_a
ENDİŞE AĞACI
_c
MARİANNE
260
_b
ALTIN
999
_c
652647
_d
652647